Reflections On Africa: (Record no. 167148)

MARC details
000 -LEADER
fixed length control field 00614nam a22001817a 4500
005 - DATE AND TIME OF LATEST TRANSACTION
control field 20220215114758.0
010 ## - LCCN (DPL NO)
LC control number ENG-126273
020 ## - INTERNATIONAL STANDARD BOOK NUMBER
Terms of availability 125.00
International Standard Book Number 978-93-84566-08-1
035 ## - SYSTEM CONTROL NUMBER
System control number EN-109805
037 ## - SOURCE OF ACQUISITION
Source of stock number/acquisition DBAD/PUB
082 ## - DEWEY DECIMAL CLASSIFICATION NUMBER
Classification number 916
245 ## - TITLE STATEMENT
Title Reflections On Africa:
Remainder of title Select Articles From The Modern Review/
Statement of responsibility, etc Edited Arnab Nag
260 ## - PUBLICATION, DISTRIBUTION, ETC. (IMPRINT)
Place of publication, distribution, etc Kolkata
Name of publisher, distributor, etc Institute Of Social And Cultural Studies
Date of publication, distribution, etc 2017
270 ## - ADDRESS
City New Delhi
Address 48/2, Dr. Suresh Sarkar Road Kolkata
Postal code 700014
Telephone number 033-65339003
Electronic mail address iscskol@gmail.com
300 ## - PHYSICAL DESCRIPTION
Extent 78p.
Dimensions 21cm(pbk)
700 ## - ADDED ENTRY--PERSONAL NAME
Personal name Arnab Nag
942 ## - ADDED ENTRY ELEMENTS (KOHA)
Source of classification or shelving scheme Dewey Decimal Classification
Item type English Books
Classification part 916
Call number suffix REF
Holdings
Withdrawn status Lost status Not for loan Collection code Home library Current library Date acquired Source of acquisition Cost, normal purchase price Full call number Barcode Copy number Cost, replacement price Koha item type
      Non-fiction Ashok Vihar Ashok Vihar 22/08/2019 DBAD/PUB 125.00 916 NAG EN-109805 1 125.00 English Books

© Delhi Public Library
Hit Counter
free hit counter